En defensa de la riqueza nacional del petróleo : Ante la Suprema Corte de la Nación /

Guardado en:
Autor Principal: Bonardi, Silvio E.
Formato: Libro
Idioma:Undetermined
Publicado: Buenos Aires : [s.n.], 1928.
Materias:
Etiquetas: Agregar Etiqueta
Sin Etiquetas, Sea el primero en etiquetar este registro!
LEADER 00547nam a22001575a 4500
001 EHU.bham047375
005 20110623143757.0
008 110623s1928####ag############000#0#und#d
100 1 |a Bonardi, Silvio E. 
245 0 0 |a En defensa de la riqueza nacional del petróleo :  |b Ante la Suprema Corte de la Nación /  |c Silvio E. Bonardi. 
260 |a Buenos Aires :  |b [s.n.],  |c 1928. 
300 |a 157 p. 
653 |a Petróleo 
653 |a Legislación sobre petróleo 
653 |a Economía 
859 |a AR-BHAM  |b BIB. HUMANIDADES - Donacion Lejarraga  |h MFN001594  |p 001594.19